00760nam a22002177a 450000500170000001000150001702000260003203500140005803700130007208200080008510000180009324500850011126000450019627000660024130000160030750000460032370000120036994200220038199900190040395201200042220180129150805.0 aENG-122166 a9780199474639c750.00 aEN-105698 bDBAD/PUB a950 aMenon, Meena  aA frayed history :cby Meena menon and uzrammabthe journey of cotton in india / aNew DelhibOxford University Pressc2017 a2/11 Ground Floor, Ansari Road, Daryaganj bNew Delhie110002 a383p.c24cm aincludes Bibliography reference and index dUzramma 2ddccENh950mMEN c149567d149567 001040718NFICaDBADbBNd2018-01-29eDBAD/PUBg750.00l0o950 MENpEN-105698r2018-01-29 00:00:00t1v750.00yEN